Yearbook of the United Nations 1995
Αποθηκεύτηκε σε:
| Συγγραφή απο Οργανισμό/Αρχή: | |
|---|---|
| Μορφή: | Βιβλίο |
| Γλώσσα: | English |
| Δημοσίευση: |
The Hague ; : Boston ; : London :
Martinus Nijhoff,
c1997
|
| Θέματα: | |
| Ετικέτες: |
Προσθήκη ετικέτας
Δεν υπάρχουν, Καταχωρήστε ετικέτα πρώτοι!
|
MARC
| LEADER | 00000nam a2200000 i 4500 | ||
|---|---|---|---|
| 001 | 1/4899 | ||
| 008 | 000602s1997 eng d | ||
| 020 | |a 90-411-0376-7 | ||
| 022 | |a 00828521 | ||
| 035 | |l 10061395 | ||
| 040 | |a GR-MY-UA |b gre |e aacr | ||
| 041 | 0 | |a eng | |
| 082 | 0 | |a Π 341.2305 | |
| 110 | 2 | |a United Nations. |b Department of Public Information. | |
| 245 | 1 | 0 | |a Yearbook of the United Nations 1995 / |c Department of public information, United Nations |
| 260 | |a The Hague ; : |a Boston ; : |a London : |b Martinus Nijhoff, |c c1997 | ||
| 300 | |a v.49 | ||
| 610 | 2 | 0 | |a United Nations |x Periodicals. |
| 650 | 0 | 0 | |a International agencies |x Periodicals. |
| 852 | |a INST |b RHODES |e 20000602 |h 341.2305 UNI |p 005400013388 |q 005400013388 |t REF |y 23 |z v.49 | ||
| 852 | |a INST |b RHODES |e 20000602 |h 341.2305 UNI |p 005400013388 |q 005400013388 |t REF |v v.49: |y 23 |z v.49 | ||
| 853 | |a INST |b RHODES |h 341.2305 UNI | ||
| 901 | |a BIBL4-2000-2 | ||
| 909 | |a Ρ |b 077383 | ||
| 922 | |a 4ΕΛΗ |b 200003 |c ΚΠΣ/124 |d GLORYBOOKS | ||
| 970 | |a ΚΟΥΛΙΑΚΙΩΤΗ |b ΛΙΤΣΑ |z 2000/06/02 | ||